00373 2200145 4500001002100000005001500021035002000036245007700056100001800133300001200151260003000163082000800193084001400201990001200215INLIS00000000000232120250528092923 a0010-05250006131 aBuku Pintar :b70 Peraih Nobel Kedokteran dan Fisiologi /cEdy Soetrisno0 aEdy Soetrisno a141 hlm aJakarta :bInovasi,c2000 a600 a600 EDY b a0712335